000 00545nam a2200217Ia 4500
003 OSt
005 20220928135649.0
006 a|||||r|||| 00| 0
007 ta
008 220927b |||||||| |||| 00| 0 eng d
024 _a4432
037 _cTextual
040 _aSDCL
_cSDCL
_beng
041 _2eng
_aeng
082 _aO-,1N291,3, K9
100 _aRich Adrienne
_9492525
245 0 _aLeaflets
_b Poems 1965-1968
260 _c1969
942 _hO-,1N291,3, K9
_cTEXL
_2CC
999 _c808129
_d808129